Responses for Show #6467 - Tuesday, October 30, 2012

Keith Whitener game 5.

Contestants

[<< previous game]

Robert Herzfeld, a circuit judge from Benton, Arkansas

Dana Sellke, a customer service representative from Westerville, Ohio

Keith Whitener, a research chemist originally from Charlotte, North Carolina (whose 4-day cash winnings total $87,998)

[next game >>]

Jeopardy! Round responses

FOODS, STUFFED
LITERARY LOVERS
CROSSWORD CLUES "V"
(Alex: We'll give you the clue, and the number of letters, each response beginning with a "V".)
TYPES OF AIRCRAFT
BEST NEW ARTIST GRAMMY
SCIENCE TERMS
    $200 29
[The end-of-round signal sounds.]

mushrooms

Keith
    $200 15
Romeo and Juliet

Keith
    $200 6
a vest

Robert
    $200 10
a glider

Robert
    $200 1
precipitation

Keith
    $400 28
(Robert: What is a p'zone? [Squeezes his eyes shut as if realizing his mistake])
(Alex: No.)
(Robert: [As Dana's light is coming on] A calz--[stops and holds his hand over his mouth])

a calzone

DanaRobert
    $400 16
Rhett Butler

Robert
    $400 7
a viper

Keith
    $400 11
(Dana: What is a bi-wing plane?)
(Robert: What is a tri-wing? ...[*]?)

a triplane

DanaRobert
    $400 27
Lauryn Hill

Triple Stumper
    $400 2
a fish

Keith
    $600 26
(Keith: What are grape leaves?)

cabbage leaves

Keith
Triple Stumper
    $600 17
(Dana: Umm, who is, umm, Elizabeth?)

Emma

DanaRobert
    $600 8
Vogue

Dana
    $1,600 12
a (hot-air) balloon

Robert
    $600 23
Men at Work

Keith
    $600 3
a volcanic eruption

Keith
    $800 25
a chile relleno

Dana
    $800 18
The Fountainhead

Keith
    $800 9
a vintner

Keith
    $800 13
a fighter-bomber

Triple Stumper
    $800 22
Hootie and the Blowfish

Dana
    $800 4
a carrier

Robert
    $1000 24
olives

Triple Stumper
    $1000 20
"The Gift of the Magi"

Keith
    $1000 19
vittles

Robert
    $1000 14
a DC-3

Robert
    $1000 21
Sheena Easton

Triple Stumper
    $1000 5
an alkaloid

Keith

Scores at the first commercial break (after clue 15):

Keith Dana Robert
$3,600 $200 $4,200

Scores at the end of the Jeopardy! Round:

Keith Dana Robert
$5,600 $1,600 $5,800

Double Jeopardy! Round responses

OLDE ENGLAND
WHO'S THE MRS.?
(Alex: We'll give you the Mr.)
GO TO THE DOGS
BALLET
U.S. BODIES OF WATER
SLANG-UAGE
    $400 1
Elizabeth I

Keith
    $400 7
Catherine Zeta-Jones

Dana
    $400 5
The Hunchback of Notre Dame

Dana
    $400 14
the Potomac River

Dana
    $400 17
(Dana: What is a mouthguard?)

a mouthpiece

DanaRobert
    $800 2
the Magna Carta

Keith
    $800 8
Mariah Carey

Dana
    $800 27
[The end-of-round signal sounds.]

an Akita

Keith
    $800 12
Agnes de Mille

Robert
    $800 15
the Snake River

Keith
    $800 18
bender

Keith
    $1200 3
the Wars of the Roses

Keith
    $1200 9
Kyra Sedgwick

Dana
    $1200 26
terriers

Triple Stumper
    $1200 13
(Robert: Who is Kinski?)

Anna Pavlova

Robert
Triple Stumper
    $1200 16
Mobile Bay

Robert
    $1200 19
a ball and chain

Keith
    $1,000 4
(Keith: ...What is the... Duke of Scotland?)
(Alex: No, Caernarfon is in Wales, hence, [*].)

Prince of Wales

Keith
    $1600 10
Miranda Lambert

Dana
    $1600 25
a Maltese

Triple Stumper
    $3,000 20
[Keith seems to be chuckling as Alex reads the clue.]
(Alex: [After Keith's response] Say again where you're from.)
(Keith: I'm from North Carolina.)

North Carolina

Keith
    $1600 23
the gravy train

Keith
    $2000 6
(Keith: What's a sanitarium?)
(Dana: What is an asylum?)
...
(Alex: Yes, instead of Bethlehem, it got to be known as [*].)

Bedlam

KeithDanaRobert
    $2000 11
Isla Fisher

Triple Stumper
    $2000 24
(Dana: What is a whippet?)

the saluki

Dana
Triple Stumper
    $2000 21
(Robert: What is the Great Salt Lake?)
(Keith: What is Lake Tahoe?)
...
(Alex: Remember, they created [*].)

Lake Mead

KeithRobert
Triple Stumper
    $2000 22
(Robert: What is a leveraged buyout?)

a poison pill

Robert
Triple Stumper

Scores at the end of the Double Jeopardy! Round:

Keith Dana Robert
$11,200 $2,000 $5,000
(lock game)

[wagering suggestions for these scores]

Final Jeopardy! Round responses

20th CENTURY BOOKS
(Alex: All three of you wrote down your responses so quickly it's a shame you didn't have more money going into the Final.)
...
(Alex: [To Dana] Yes, the novel by William Golding.)
...
(Alex: [To Robert] He's got a little heart there at the end.)
(Robert: It's a fly.)
[Keith also has a squiggle in his response--it is unclear what it is and nobody comments on it.]
DanaWhat is "Lord of the Flies"?
$2,000
RobertWhat is The Lord of the Flies [a small squiggle is drawn under the last word]
$555
KeithWhat is Lord of the Flies?
$1,199
Lord of the Flies

Final scores:

Keith Dana Robert
$12,399 $4,000 $5,555
5-day champion: $100,397 3rd place: $1,000 2nd place: $2,000

Game dynamics:

Coryat scores:

Keith Dana Robert
$10,800 $2,000 $4,000
20 R
(including 1 DD),
4 W
(including 1 DD)
10 R,
5 W
13 R
(including 1 DD),
4 W

Combined Coryat: $16,800

[game clues] [game scores] [suggest correction]

Game tape date: 2012-08-21
The J! Archive is created by fans, for fans. Scraping, republication, monetization, and malicious use prohibited; this site may use cookies and collect identifying information. See terms. The Jeopardy! game show and all elements thereof, including but not limited to copyright and trademark thereto, are the property of Jeopardy Productions, Inc. and are protected under law. This website is not affiliated with, sponsored by, or operated by Jeopardy Productions, Inc. Join the discussion at JBoard.tv.